| 000 | 00923cas a22002777a 4500 | ||
|---|---|---|---|
| 001 | 1056 | ||
| 003 | BD-RjUL | ||
| 005 | 20211208233253.0 | ||
| 008 | 131124s1968 nyuwr ne 0 0eng d | ||
| 035 | _a(OCoLC)ocm09517370 1078 | ||
| 040 |
_aNHi _cNHi _dN _dMWA _dDLC _dUU _dNN _dN _dArU _dNN _dN _dCU-Riv _dOCoLC _dKRTAS _dBD-RjUL _beng |
||
| 041 | _aeng | ||
| 082 | 0 | 0 |
_a051 _bNEE 1968 |
| 100 | 1 |
_aNevins, Allan _93119 |
|
| 245 | 1 | 4 |
_aThe evening post : _ba century of Journalism / _cAllan Nevins. |
| 246 | 1 | 7 | _aEvening post, weekly |
| 246 | 1 | 7 | _aWeekly evening post |
| 260 |
_aNew York, [N.Y.] : _bWilliam C. Bryant & Co., _c1968. |
||
| 300 |
_a590 p. ; _c24 cm. |
||
| 580 | _aDaily ed.: Evening post (New York, N.Y. : 1832). | ||
| 580 | _aSemiweekly ed.: Evening post (New York, N.Y. : Semiweekly). | ||
| 651 | 0 |
_aNew York (N.Y.) _vNewspapers. _93120 |
|
| 942 |
_2ddc _cBK |
||
| 999 |
_c1056 _d1056 |
||